Most Recent Country Flag Adoptions - Statistics

General Stats
  • This quiz has been taken 74 times
  • The average score is 10 of 10
Answer Stats
Picture Answer % Correct
Afghanistan
100%
Kyrgyzstan
100%
Kosovo
99%
Libya
99%
Iraq
97%
Myanmar
97%
Syria
96%
Mauritania
94%
Malawi
93%
South Sudan
90%
No matching quizzes found
Score Distribution
Percent of People with Each Score
Percentile by Number Answered
Your Score History
You have not taken this quiz